Catalogue of ship's and crew's libraries of U.S.S. Scorpion.

Bibliographic Details
Corporate Author: United States. Navy Department. Bureau of Equipment
Format: Government Document eBook
Language:English
Published: [Place of publication not identified] : U.S. Government Printing Office, 1905.
Subjects:
Online Access:Connect to the full text of this electronic document

MARC

Tag First Indicator Second Indicator Subfields
LEADER 00000cam a22000001a 4500
001 in00003661561
005 20190408172852.0
006 m o d f
007 cr bn mmmapmmp
008 020617s1905 dcu o f000 0 eng d
035 |a ebd1909506203 
040 |a UMI  |c UMI  |d UtOrBLW 
086 0 |a N 5.6:Sc 7 
099 |a N506-107 
245 0 0 |a Catalogue of ship's and crew's libraries of U.S.S. Scorpion. 
264 1 |a [Place of publication not identified] :  |b U.S. Government Printing Office,  |c 1905. 
300 |a 1 online resource (12 pages) 
336 |a text  |b txt  |2 rdacontent 
337 |a computer  |b c  |2 rdamedia 
338 |a online resource  |b cr  |2 rdacarrier 
500 |a Record is based on bibliographic data in ProQuest U.S. Executive Branch Documents, 1789-1909. Reuse except for individual research requires license from ProQuest, LLC. 
533 |a Electronic reproduction.  |b [Bethesda, Md.] :  |c ProQuest,  |d 2012.  |e digital, PDF file.  |n ProQuest U.S. Executive Branch Documents, 1789-1909.  |n Mode of access: World Wide Web via ProQuest website. 
538 |a System requirements: PDF reader software. 
500 |a Electronic resource. 
650 0 |a Naval libraries  |z United States. 
655 7 |a Electronic books.  |2 local 
710 1 |a United States.  |b Navy Department.  |b Bureau of Equipment.  |0 http://id.loc.gov/authorities/names/n81054252 
776 1 8 |i Microfiche version:  |t Catalogue of ship's and crew's libraries of U.S.S. Scorpion  |o CIS US Exec MF N506-107  |w (ProQuest)cis19052471 
856 4 0 |u http://proxy.library.tamu.edu/login?url=http://congressional.proquest.com/congressional/docview/t66.d71.n506-107  |z Connect to the full text of this electronic document  |t 0 
999 f f |s c13e0cdf-9613-3338-a8a6-f296356fe355  |i 2cb4d0c5-6d0c-3005-a547-2ab008055cfd  |t 0 
952 f f |a Texas A&M University  |b College Station  |c Electronic Resources  |d Available Online  |t 0  |h No information provided 
998 f f |t 0  |l Available Online